Normal view
MARC view
Entry Personal Name
001 - CONTROL NUMBER
- control field: 46355
003 - CONTROL NUMBER IDENTIFIER
- control field: dpl
005 - DATE AND TIME OF LATEST TRANSACTION
- control field: 20120503161518.0
008 - FIXED-LENGTH DATA ELEMENTS
- fixed length control field: 120503|||a|||||| | ||| d
040 ## - CATALOGING SOURCE
- Original cataloging agency: dpl
- Transcribing agency: dpl
100 ## - HEADING--PERSONAL NAME
- Personal name: Sarin, Sharad
670 ## - SOURCE DATA FOUND
- Source citation: Work cat.: (dpl)53447: Sarin, Sharad, Strategic brand management for B2B markets :, 2011
670 ## - SOURCE DATA FOUND
- Source citation: Work cat.: (dpl)53447: Sarin, Sharad, Strategic brand management for B2B markets :, 2011
